Diosario : (Record no. 23524)

000 -CABECERA
fixed length control field 00753nam a22002297i 4500
003 - IDENTIFICADOR DEL NÚMERO DE CONTROL
control field AR-CdUCM
008 - DATOS DE LONGITUD FIJA--INFORMACIÓN GENERAL
fixed length control field 260224b20212021 pe||||| |||| 00| 0 spa d
020 ## - NÚMERO INTERNACIONAL ESTÁNDAR DEL LIBRO
ISBN 978-612-48566-2-4
040 ## - FUENTE DE LA CATALOGACIÓN
Agencia/entidad que catalogó originalmente la obra MUNICIPALIDAD PROVINCIAL DEL CUSCO
Entidad que transcribió la catalogación BIBLIOTECA MUNICIPAL DEL CUSCO
082 ## - NÚMERO DE LA CLASIFICACIÓN DECIMAL DEWEY
No. de la edición 2°-Edicion
No. de Clasificación EP / 398.21
Notacion interna F41
100 ## - ENTRADA PRINCIPAL--NOMBRE DE PERSONA
Nombre Personal Fernández Ferro, Elena
245 ## - MENCIÓN DE TÍTULO
Título Diosario :
Resto del título Dioses, seres y espíritus del Perú /
260 ## - PUBLICACIÓN, DISTRIBUCIÓN, ETC.
Lugar de publicación, distribución, etc. Lima :
Nombre de la editorial, distribuidor, etc. Mónimo SAC.
Fecha de publicación, distribución, etc. 2021
300 ## - DESCRIPCIÓN FÍSICA
Nº de Páginas Extensión 76 páginas. :
Dimensiones 32x27 cm.
505 ## - NOTA DE CONTENIDO CON FORMATO
Nota de contenido formateada Apu -- Mama Cocha -- Equeco -- Huillac Huma -- Muqui -- Naylamp
650 ## - PUNTO DE ACCESO ADICIONAL DE MATERIA--TÉRMINO DE MATERIA
Descriptor Wiracocha
9 (RLIN) 2082
650 ## - PUNTO DE ACCESO ADICIONAL DE MATERIA--TÉRMINO DE MATERIA
Descriptor Mama Quilla
9 (RLIN) 52320
650 ## - PUNTO DE ACCESO ADICIONAL DE MATERIA--TÉRMINO DE MATERIA
Descriptor Pachamama
9 (RLIN) 52321
942 ## - ELEMENTOS DE PUNTO DE ACCESO ADICIONAL (KOHA)
Fuente de clasificación
Tipo de item Libros-BMC
945 ## - PROCESAMIENTO DE INFORMACIÓN LOCAL (OCLC)
Catalogador pbjr
AAAA-MM-DD - Fecha de ingreso o modificacion 24-02-2026
Holdings
Estado de retiro (separado) Fuente de clasificación o esquema de estanterías Estado dañado Ubicación Sala donde se ubica Nombre de la colección Fecha de adquisición o compra Fuente de adquisición Costo, precio normal en soles Signatura topográfica Código de Barras Última vez visto (Koha) Tipo de ítem (Koha)
No     Sala de Infantes Sala de Infantes Book Cart 2026-02-24 Donación 15.00 EP / 398.21 / F41 SI00005147 2026-02-24 Libros-BMC

Powered by Koha